| 000 | 01583aam a2200313 i 4500 | ||
|---|---|---|---|
| 001 | 768714001 | ||
| 003 | CO-MdFUSB | ||
| 005 | 20240926172619.0 | ||
| 007 | ta | ||
| 008 | 240926t2002 ck |||| |||| 00| 0 spa d | ||
| 040 | _cCO-MdFUSB | ||
| 041 | 0 |
_aspa _heng |
|
| 082 | 0 | 4 |
_a261.832 _223 _bH463a |
| 100 | 1 |
_aHeggen, Carolyn Holderread (1946-) _eautor |
|
| 240 | _aSexual abuse in christian homes and churches | ||
| 245 | 1 | 0 |
_aAbuso sexual en los hogares cristianos y la iglesia _c/ Carolyn Holderread Heggen ; traducido por Clara Helena Beltrán |
| 264 | 1 |
_bEdiciones Clara - Semilla, _aBogotá, Colombia : _c[2002] |
|
| 264 | 4 | _c©2002 | |
| 300 |
_a270 páginas _c; 23 cm |
||
| 336 |
_atexto _btxt _2rdacontent |
||
| 337 |
_2rdamedia _asin mediación _bn |
||
| 338 |
_2rdacarrier _avolumen _bnc |
||
| 505 | _a¿Qué es el abuso sexual y por qué es un pecado? -- Consecuencias en las víctimas de abuso sexual. -- Negación, incidencia, y factores que afectan las relaciones sexuales abusivas. -- El agresor: La historia de un agresor sexual. -- Creencias religiosas y el abuso sexual. -- Abuso pastoral. -- Arrepentimiento, restitución, perdón y reconciliación. -- Respuesta de la congregación ante el abuso sexual. -- Sensibilidad frente a los sobrevivientes de abuso, en la adoración. -- Prevención del abuso Sexual. -- La responsabilidad de la iglesia en el desarrollo de una sexualidad saludable. | ||
| 563 | _aRústico | ||
| 653 | _aAbuso sexual | ||
| 700 |
_aBeltrán Suárez, Clara Helena. _94789 _etraductor |
||
| 942 | _cBK | ||
| 945 | _aJTF-925 | ||
| 999 |
_c37272 _d37272 |
||